000 00457cam a2200193ua 4500
001 10403
008 190125n ii |||gr||||Z||||||eng
020 _a9788173819476
040 _cMAIN
041 _aeng
082 _a657
100 _aM Hanif,
_eAuthor.
245 _aCBSE Accountancy
_bclass xii
250 _a1st ed.
260 _aKolkata:
_bNew central book agency,
_c2016.
653 _aAccounting
700 _aA Mukherjee,
_eAuthor.
942 _cBK
999 _c9392
_d9392